书目信息 |
| 题名: |
大众哲学
|
|
| 作者: | 艾思奇 著 | |
| 分册: | ||
| 出版信息: | 北京 三联书店 1979 |
|
| 页数: | 282页 | |
| 开本: | 19cm | |
| 丛书名: | ||
| 单 册: | ||
| 中图分类: | B0-0 , B20 | |
| 科图分类: | ||
| 主题词: | 唯物主义--基本知识--哲学--中国 , 唯心主义--哲学--中国 | |
| 电子资源: | ||
| ISBN: | ||
| 000 | 00627nam0 2200253 45 | |
| 001 | 1138761130 | |
| 005 | 20110928104801.12 | |
| 010 | @dCNY0.58 | |
| 091 | @aCN@b2002.228 | |
| 100 | @a19950712d1979 em y0chiy0121 ea | |
| 101 | 0 | @achi |
| 102 | @aCN@b110000 | |
| 105 | @ay z 000yy | |
| 200 | 10 | @a大众哲学@Ada zhong zhe xue@f艾思奇著 |
| 210 | @a北京@c三联书店@d1979 | |
| 215 | @a282页@d19cm | |
| 606 | 0 | @a唯物主义@x基本知识@x哲学@x中国 |
| 606 | 0 | @a唯心主义@x哲学@x中国 |
| 610 | 0 | @a哲学 |
| 690 | @aB0-0@v3 | |
| 690 | @aB20@v4 | |
| 701 | 0 | @a艾思奇@Aai si qi@4著 |
| 801 | 0 | @aCN@bTSSF |
| 905 | @a10447@dB20@eJY54 | |
| 大众哲学/艾思奇著.-北京:三联书店,1979 |
| 282页;19cm |
| ISBN :CNY0.58 |
| ● |
| 相关链接 |
|
|
|
|
正题名:大众哲学
索取号:B20/JY54
 
预约/预借
| 序号 | 登录号 | 条形码 | 馆藏地/架位号 | 状态 | 备注 |
| 1 | 7824394 | 278243946 | 学院路分馆/ [索取号:B20/JY54] | 在馆 | |
| 2 | 7824395 | 278243955 | 学院路分馆/ [索取号:B20/JY54] | 在馆 | |
| 3 | 7824396 | 278243964 | 学院路分馆/ [索取号:B20/JY54] | 在馆 | |
| 4 | 7824397 | 278243973 | 学院路分馆/ [索取号:B20/JY54] | 在馆 | |
| 5 | 7824398 | 278243982 | 学院路分馆/ [索取号:B20/JY54] | 在馆 |